00884nam a2200241Ia 4500003000400000005001700004008004100021020001800062040001800080041000800098082001900106100002800125245013200153250000600285260003900291300003000330650003400360650004200394650003000436942002600466999001900492952013100511OSt20251211171620.0210716s2017 xx 000 0 und d a9781788392655 cAIMIT LIBRARY aeng a005.763 bBARR aBaruti, Renato.9248916 aLearning alteryx: bbegginners guide to using alteryx for self service analytics and business intelligence /cBy Renato Baruti. a1 aMumbaibPackt Publishing Ltdc2017 aiii,211 p.;bPBc24.5 cm. aWorkflow optimization9248917 aData preparation and blending9248918 aTransforming data9248919 2ddccBKk005.763 BARR c196608d196608 001040708MCAaAIMITbAIMITeKnowledge Worldg899.00l0o005.763 BARRpMCA16123r2025-07-21 00:00:00v674.25w2021-07-16yBK